Statistics for Taylor Swift Songs by First and Last Letter #1

Click here to take the quiz!

General Stats

  • This quiz has been taken 178 times
    (21 since last reset)
  • The average score is 5 of 10

Answer Stats

First LetterAnswerLast Letter% Correct
RRedd
87%
LLoverr
80%
OOut Of The Woods/Ourss
73%
eexile/evermoree
67%
JJump Then Falll
53%
TTeardrops on my Guitar/The Great War/The Other Side Of The Door/The Archer/The Bolterr
33%
hhappinesss
27%
NNothing Neww
27%
TTim McGraw/The Moment I Kneww
20%
SSweeter Than Fiction/Superman/So Long, Londonn
7%

Score Distribution

Percentile by Number Answered

Percent of People with Each Score

Your Score History

You have not taken this quiz since the last reset